[Event "ROM-chT"]
[Site "Calimanesti"]
[Date "2014.11.16"]
[Round "9.3"]
[White "Marin, Mihail"]
[Black "Manea, Alexandru"]
[Result "1-0"]
[WhiteElo "2581"]
[BlackElo "2382"]
[Annotator "Marin,M"]
[PlyCount "93"]
[EventDate "2014.11.08"]
[EventType "team-tourn"]
[EventRounds "9"]
[EventCountry "ROU"]
[SourceTitle "CBM 164"]
[Source "ChessBase"]
[SourceDate "2015.01.15"]
[SourceVersion "1"]
[SourceVersionDate "2015.01.15"]
[SourceQuality "1"]
[WhiteTeam "Bucharest Apa Nova"]
[BlackTeam "Ploiesti CSU"]
[WhiteTeamCountry "ROU"]
[BlackTeamCountry "ROU"]

{Before the last round, my team Apanova Bucharest was in a shared lead with
Medicina Timisoara, trailed by one point by Baia Mare, a team headed by
Nisipeanu. Our tie break was inferior to that of Medicina and given the fact
that all three teams had theoretically easy matches the final configuration of
the podium seemed pre-determined. I sat down for this game with mixed feelings.
A few days earlier I had crossed the 2600 border and would have liked to end
the year this way. But even if I knew that my relatively low rated opponent
was hard to beat, I could not miss the match which was supposed to bring us
the silver medals.} 1. Nf3 d5 2. g3 {This used to be my repertoire 20 years
ago. Later I evolved to 1.c4 and more recently 1.d4. But progress in chess
seems to be a spiral, so here I am again ready for the Reti Opening.} c6 3. Bg2
Bg4 4. c4 e6 5. O-O Nd7 ({A few rounds earlier I had faced} 5... Nf6 {After
some minutes I came up with something I had never prepared for:} 6. d3 Be7 7.
Qb3 Qb6 8. Be3 Qxb3 9. axb3 a6 10. h3 Bh5 11. g4 Bg6 12. Ne5 Nbd7 13. Nxg6 hxg6
14. Nc3 Bd6 15. f4 (15. d4 Nxg4 $1 $11) 15... Ke7 16. d4 Ne4 17. Nxe4 {1/2-1/2
Marin,M (2581)-Mastrovasilis,D (2607) Calimanesti 2014} dxe4 18. Kf2 f5 19. c5
Bc7 20. g5 $11) 6. cxd5 cxd5 (6... exd5 {leads to more interesting play, as
for instance in Marin,M (2583)-Ferguson,M (2414) Douglas 2014 CBM 163 [Marin,M]
(1-0, 39)}) 7. Qb3 {I find it hard explaining why White's position is more
pleasant. There are a few minor elements favouring him, but each of them taken
separately wouyld not be enough for any shadow of advantage. Their
accumulation offers White a good game, though. White's structure is more
flexible, as he can break the centre with e2-e4. Black has some space
advantage in the centre, but this also implies some slight weakening of the
dark squares, mainly c5, e5 and d6. The light-squared bishop looks active but
in many cases it can stay out of play, being restricted by the white chain.
And if ...Bxf3 the bishop pair could tell in the long run. Last but possibly
not least, in this concrete position Black has committed his queen's knight on
d7, a less favourable square than c6. In any case, White needs to play
energetically if he wants to retain the initiative.} Qb6 (7... Nc5 {does not
solve Black's problems completely:} 8. Qb5+ Qd7 9. Nc3 a6 10. Qxd7+ Nxd7 11. d3
Ngf6 (11... Ne7 {Vladimirov,E (2585)-Kharlov,A (2535) Tilburg 1993 CBM 039 
[Horn,Pe] (1-0, 48)}) 12. Bf4 Bc5 13. Rfc1 $36 {Matlakov,M (2689)-Movsesian,S 
(2672) Dubai 2014 (1-0, 51) with similar play to that in the main game.}) 8.
Qxb6 {Black has to decide between spoiling his structure and misplacing his
knight.} Nxb6 {The most natural recapture.} (8... axb6 9. Nc3 Ngf6 10. d3 Bb4
11. Bd2 O-O 12. h3 Bh5 13. a3 Be7 14. g4 Bg6 15. Nd4 Nc5 16. f4 $16 {Dizdar,G 
(2553)-Khairallah,F (2323) Paris 2007 (1-0, 46)}) 9. Nc3 Bxf3 {Strictly
speaking, this is a bit premature, but in many lines Black would have to take
on f3 anyway, in order to avoid Nf3-d4 or Nf3-e5.} (9... Rc8 10. d3 Nf6 11. Be3
$1 {[%cal Gc3b5]} (11. Bf4 {actually loses a tempo, since after the more or
less forced} a6 {the bishop would be best placed on e3 anyway.} 12. Rac1 Be7
13. Ne5 Bh5 14. Be3 Nfd7 15. Nxd7 Nxd7 16. f4 {Keene,R-Medina Garcia,A Palma
de Mallorca 1971 (1/2-1/2, 38)}) 11... Nfd7 12. Rfc1 Bd6 (12... Be7 13. a4 a5
14. Nd2 $5 $14) 13. a4 Bxf3 (13... a5 14. Nb5 Bb4 15. Rxc8+ Nxc8 16. Rc1 Kd8
17. Nfd4 $36) 14. Bxf3 a5 15. Nb5 Bb4 16. Rxc8+ Nxc8 17. Rc1 Kd8 18. Bd4 Rg8
19. e4 e5 20. Bc3 Bxc3 {Pelletier,Y (2602)-Drabke,L (2439) Switzerland 2010 (1/
2-1/2, 30)} 21. Nxc3 d4 22. Nb5 $14) (9... a6 10. d3 Nf6 11. Ne5 $14 {Radjabov,
T (2784)-Aronian,L (2825) Moscow 2012 CBM 149 [Marin,M] (1/2-1/2, 45)}) (9...
Bh5 {does not make too much sense.} 10. Nb5 Kd8 11. d3 a6 12. Nbd4 Bd6 {
Obukhov,A (2475)-Zinchenko,Y (2349) Alushta 2004 (1/2-1/2, 57)} 13. Be3 Nd7 14.
Rac1 $14) 10. Bxf3 Rc8 11. d3 Nf6 {I had a feeling of ease and pleasure, as
White's position surely looks agreeable, but I believe that on the next two
moves I did not make the best choices.} 12. Bf4 ({Just like in a comment above,
} 12. Be3 {might have been more accurate.} Nfd7 (12... Bc5 13. Nb5 $36) 13.
Rfc1 (13. Bd4 Nb8 14. Rac1 Nc6 15. Be3 Be7 16. Nb5 a6 17. Nd4 $14) 13... a6 (
13... Be7 14. a4 a5 15. Nb5 $14) 14. a4 Rc6 15. a5 Nc8 16. Nxd5 $5 (16. Bd4 $16
) 16... exd5 17. Bxd5 Ne7 (17... Rxc1+ 18. Rxc1 Nd6 19. Bf4 Kd8 20. e4 $36) 18.
Bxc6 Nxc6 19. Rc3 Bd6 20. Rb3 Nd8 21. Rc1 Ke7 22. d4 $16 {Meier,G (2641)-Prie,
E (2504) France 2009 (1-0, 49)}) 12... a6 13. Rac1 (13. Rfc1 $14 {[%cal Ga2a4]}
) 13... Bc5 $146 {I assume that neither of us was aware of the fact that this
move was new. This opening is transpositional to such an extent that you can
never be sure for how long you are in known territory.} ({The modest} 13... Be7
14. e4 O-O {as played in Loginov,V (2525)-Taimanov,M (2470) St Petersburg 1996
(1/2-1/2, 35) might be safer.}) 14. Rc2 {As we see, the bishop is exposed on
c5.} Ke7 (14... O-O 15. Rfc1 $36) 15. e4 $1 (15. Rfc1 {would allow Black to
hold his own after} Nfd7 16. e4 d4 17. Ne2 e5 18. Bg5+ f6 19. Bd2 Bd6 $11)
15... dxe4 (15... d4 $6 16. e5 dxc3 17. exf6+ Kxf6 18. Bxb7 Rcd8 19. Rxc3 $16)
(15... Rhd8 16. exd5 $16 Nfxd5 $2 17. Nxd5+ Nxd5 18. Rfc1 $18) 16. dxe4 Bd4 17.
Rfc1 Nfd7 (17... e5 18. Ne2 $1 $16) 18. e5 $1 {White has activated his
fianchetto bishop and I thought Black would be in trouble already. But
starting with this moment my opponent defended very well, displaying full
confidence in the way he moved and pressed the clock.} Bxc3 (18... Rb8 19. Bg5+
$1) 19. Rxc3 Rxc3 20. Rxc3 Nd5 21. Bxd5 (21. Bg5+ f6 22. exf6+ gxf6 23. Bxd5
exd5 24. Bf4 d4 25. Rc7 Ke6 26. Rxb7 Rc8 27. Kg2 Rc2 $132) 21... exd5 22. Rc7 {
It was hard to abstain from this active move.} ({But the regrouping} 22. Bd2 {
[%cal Gf2f4] , clearing the path for the f-pawn, might have been better.} Rb8 (
22... Nxe5 23. Re3 {wins the knight.}) (22... Ke6 23. f4 $14) 23. f4 $14) 22...
Ke6 23. Rxb7 Rc8 24. Ra7 Rc6 25. Ra8 g5 $5 $132 (25... Nc5 $5 $132) 26. Bxg5
Nxe5 {Suddenly, Black's centralisation becomes threatening.} 27. Be3 (27. Bf4
Nd3 $132) (27. Kg2 $5 Kf5) 27... d4 28. Re8+ Kf5 29. f4 {I felt that Black
should be holding a draw somehow, but I thought that the game move offered the
best chances to swindle him.} Ng4 (29... dxe3 30. Rxe5+ Kg4 31. Rxe3 Rc2 $11)
30. Bxd4 Rc1+ 31. Kg2 Rc2+ 32. Kf3 Nxh2+ 33. Ke3 Ng4+ 34. Kd3 Rg2 35. Re7 Rxg3+
36. Kc4 {How to defend the kingside pawns?} Kg6 $2 (36... f6 37. Rxh7 Kxf4 38.
Ra7 $36) (36... h5 $1 37. Rxf7+ Ke4 $44) 37. f5+ $1 Kxf5 38. Rxf7+ Kg6 (38...
Ke4 39. Re7+ Kf5 40. Rxh7 $18) 39. Rg7+ Kh6 {[%cal Gg4e3]} 40. Kb4 $1 $18 {
Black is paralysed.} Rg2 {This makes things even easier for White.} (40... Kh5
$142 41. Rxh7+ Kg5) 41. Ka5 Ne3 42. Rxg2 Nxg2 43. Kxa6 Kg5 44. b4 h5 45. b5 h4
46. b6 h3 47. Be5 {In the end my team... lost, but so did Baia Mare, so we
still took the silver medals.} (47. Bg1) (47. Be5 Nf4 48. b7 h2 49. Bxf4+ Kxf4
50. b8=Q+) 1-0

[Event "POL-ch 63rd"]
[Site "Krakow"]
[Date "2006.03.03"]
[Round "7"]
[White "Markowski, Tomasz"]
[Black "Bobras, Piotr"]
[Result "0-1"]
[WhiteElo "2565"]
[BlackElo "2531"]
[Annotator "Marin,M"]
[PlyCount "86"]
[EventDate "2006.02.25"]
[EventType "tourn"]
[EventRounds "13"]
[EventCountry "POL"]
[EventCategory "12"]
[SourceTitle "CBM 112"]
[Source "ChessBase"]
[SourceDate "2006.06.07"]
[SourceVersion "1"]
[SourceVersionDate "2006.06.07"]
[SourceQuality "1"]

1. g3 d5 2. Nf3 c6 3. Bg2 Nf6 4. O-O Bg4 5. d3 Nbd7 6. c4 e6 7. cxd5 exd5 {
Markowski has rich experience in this line but his recent results are anything
but impressive.} 8. h3 {Aiming to improve upon some of his games from last
year.} (8. Nc3 Be7 (8... Bc5 9. Qb3 {1/2-1/2 Dizdar,G (2524)-Babula,V (2584)/
Warsaw 2005/CBM 108/[Marin] (35). Dizdar is a great expert of this variation.
Theory is mainly build on the basis of his games.}) 9. h3 (9. Qc2 Bxf3 10. Bxf3
d4 {1/2-1/2 Markowski,T (2560)-Czarnota,P (2478)/Poznan 2005/CBM 107/[Marin] 
(73)}) 9... Bxf3 10. Bxf3 d4 $5 {1/2-1/2 Markowski,T (2560)-Bobras,P (2501)/
Poznan 2005/CBM 107/[Marin] (26)}) 8... Bxf3 9. Bxf3 Be7 10. e3 $5 $146 {
Apparently, Markowski has come to the conclosion that it is not wise to allow
the advance of the enemy d-pawn. With his novelty, he not only prepares the
development of the knight withoutn fearing ...d4, but also clears the
e2-square in order to transfer the knight to d4.} (10. Qc2 O-O 11. e4 Nc5 12.
Be3 dxe4 13. dxe4 Qd3 14. Qxd3 Nxd3 15. Nc3 Rfd8 16. Rab1 Bc5 $11 {0-1 Dizdar,
G (2518)-Bobras,P (2525)/Gothenburg 2005/CBM 109 (50)}) (10. e4 $5 dxe4 11.
dxe4 Ne5 12. Be2 $1 {Horn, Pe}) (10. Bg2 $5 {0-1 Urban,K (2462)-Dziuba,M (2491)
/Krakow 2006/CBM 112/[Marin] (39)}) (10. Nc3 d4 {basically transposes to a
previous note.}) 10... O-O 11. Bg2 a5 12. Nc3 Re8 13. Ne2 Qb6 14. Qc2 {White
prepares to over-defend the relatively weak d3-pawn. Although Black is not
under immediate pressure yet, White's position is more flexible, yielding him
a more pleasant position in the long run.} Nc5 15. Rd1 Qa6 16. Nd4 Bf8 ({
Black could have tried to slow down White's queen side plan with} 16... a4 $5)
17. b3 Ne6 18. Nxe6 Rxe6 19. Rb1 {[%cal Yc1b2,Yb2d4,Ya2a3,Yb3b4]} h5 {[%cal
Yh5h4,Yc7h2]} 20. Bb2 Bd6 21. Bd4 Rae8 22. Qb2 Qa8 23. a3 Qd8 {Black has
managed to regroup in a harmonious way but this does not completely equalizes
the chances yet.} 24. b4 axb4 25. axb4 $14 {The minority's attack is not easy
to neutralise, while the white king side is relatively solid. White enjoys the
better prospects.} h4 26. g4 Bc7 27. Kf1 Qd6 28. f4 $4 (28. Rdc1 {[%csl Gc5]
[%cal Yb4b5]} b6 29. Rc3 $14 {[%csl Gc6][%cal Yb1c1]}) 28... Rxe3 $1 $17 29.
Bxe3 Rxe3 30. Qd4 Rg3 31. Ra1 Nd7 32. Ra8+ Kh7 33. Re1 Qxf4+ 34. Qxf4 Bxf4 35.
Rae8 f6 36. R1e7 Ne5 37. Rxb7 Rxd3 38. b5 Rd1+ 39. Ke2 Rd2+ 40. Kf1 Rd1+ 41.
Ke2 Rd2+ 42. Kf1 Nd3 43. bxc6 Bh2 0-1

[Event "Tata Steel-A 75th"]
[Site "Wijk aan Zee"]
[Date "2013.01.18"]
[Round "6"]
[White "Harikrishna, Pentala"]
[Black "Anand, Viswanathan"]
[Result "1/2-1/2"]
[WhiteElo "2698"]
[BlackElo "2772"]
[Annotator "Marin,M"]
[PlyCount "82"]
[EventDate "2013.01.12"]
[EventType "tourn"]
[EventRounds "13"]
[EventCountry "NED"]
[EventCategory "20"]
[SourceTitle "CBM 153"]
[Source "ChessBase"]
[SourceDate "2013.03.14"]
[SourceVersion "1"]
[SourceVersionDate "2013.03.14"]
[SourceQuality "1"]

1. Nf3 d5 2. g3 Nf6 3. Bg2 c6 4. O-O Bf5 5. d3 h6 6. c4 e6 7. Qb3 Qb6 8. Nd4
$146 {The Reti Openng is highly transpositional, which makes it possible that
games contain more than just one novelty! This is such a case and White's last
move is only the first (but also the most important) new move.} (8. Be3 Qxb3 9.
axb3 {Speelman,J (2605)-O'Cinneide,M (2285)/Bunratty 1998/CBM 062 ext/
[Speelman,J] (1-0, 42)}) (8. cxd5 Qxb3 9. axb3 exd5 10. Nd4 Bd7 $5 11. Nc3 Na6)
8... Bh7 9. cxd5 exd5 ({One important point behind the novelty is that here
Black has no time for the intermediate exchange of queens:} 9... Qxb3 $2 10.
dxc6 $3 $16) 10. Qxb6 {I find this to be a concession, strengthening Black's
queenside..} (10. Nc3 Qxb3 11. Nxb3 ({Or else} 11. axb3 Nbd7 12. Nc2 a6 13. b4
Rc8 14. Be3) 11... Nbd7 12. e4 {in both cases with chances for an enduring
pressure.}) 10... axb6 11. Nc3 b5 $1 $146 {Black's novelty over a not very
relevant game, which had reached this position via a different move order.
Black immediately puts his pawns into motion, restrcting the white minor
pieces.} (11... Bd6 {Dossett,C-Murtagh,D (1889)/Port Erin 2004/CBM 102 ext (1/
2, 15)}) 12. Bd2 b4 13. Nd1 Bc5 14. Nc2 Na6 15. Rb1 O-O {As in many other Reti
lines, White has managed to keep the h7-bishop somewhat out of play, but the
situation on the queenside is not too promissing for him. There is simply no
minority's attack available!} 16. a3 Rfe8 17. Bf3 bxa3 18. bxa3 Ra7 {The
pressure along the b-file is easy to neutralize for the time being. A slow
manoeuvring phase follows.} 19. Nc3 Nc7 20. Rb2 Ne6 21. Rfb1 Re7 22. Bg2 Bf5
23. h3 g5 24. Bf1 Bg6 25. Na2 Nh5 26. Bb4 f5 27. Nc1 {Black's progresses
certainly look more notable than Black's, but decision making is not easy.} Rf7
(27... f4 $5 28. g4 Nf6 29. Bg2 h5 30. Bf3 hxg4 31. hxg4 Bxb4 32. axb4 (32.
Rxb4 Nc5 33. Kg2 Na4) 32... Be8 {[%csl Gg4][%cal Ge8d7]}) 28. Bxc5 Nxc5 29. Nd4
$1 {White decides that he had enough of passivity and sacrifices a pawn in
order to get some dedent coordination.} Rxa3 30. Nf3 (30. Rc2 $5 $44 Na4 (30...
Ra5 31. Nb5) (30... Na6 31. Rb6) 31. Ncb3 f4 32. g4 Nf6 33. Na5) 30... Re7 31.
d4 f4 $1 (31... Ne4 32. Rxb7 $16) 32. g4 (32. dxc5 Bxb1 33. Rxb1 fxg3 $17)
32... Bxb1 33. Rxb1 Ne4 34. gxh5 Nf6 35. h4 Nxh5 36. hxg5 hxg5 $15 {Black
retains a minimal material advantage, but White's position remains very
compact.} 37. Nd3 Nf6 38. Nc5 Ne4 39. Nxe4 dxe4 40. Ne5 c5 41. Nc4 Ra4 (41...
Ra4 42. e3 Rb4 (42... cxd4 43. exd4) 43. Rd1 cxd4 44. Rxd4 b5 45. Rd8+ Kh7 (
45... Kg7 46. Nd6) 46. Nd2 Re5 {[%cal Ge5g5,Ge5b5]} 47. Rd4 Rxd4 48. exd4 Rd5
49. Nxe4 Kg6 50. Nc3 Rxd4 51. Nxb5 $11) 1/2-1/2

[Event "Porto Mannu op 9th"]
[Site "Porto Mannu"]
[Date "2017.06.07"]
[Round "6"]
[White "Marin, Mihail"]
[Black "Beshukov, Sergei"]
[Result "1-0"]
[WhiteElo "2528"]
[BlackElo "2404"]
[Annotator "Marin,M"]
[PlyCount "111"]
[EventDate "2017.06.03"]
[EventType "swiss"]
[EventRounds "9"]
[EventCountry "ITA"]
[SourceTitle "CBM 179"]
[Source "ChessBase"]
[SourceDate "2017.07.12"]
[SourceVersion "1"]
[SourceVersionDate "2017.07.12"]
[SourceQuality "1"]

1. c4 Nf6 2. g3 c6 3. Nf3 d5 4. Bg2 g6 5. b3 Bg7 6. Bb2 O-O 7. O-O {Whenever I
play this system with White, I look forward to transposing to my anti
symmetrical Grünfeld system with d2-d4, even though in some cases keeping the
pawn on d3 makes sense.} b6 $5 8. d4 {But against Black's slightly passive
setup, there is no reason to refrain from this active move.} Bb7 ({The attack
against c4 is ineffective:} 8... Nbd7 9. Nc3 Ba6 10. Ne5 ({It is with sorrow
that I have to leave the game of one of my greatest heroes in the secondary
line:} 10. Nd2 {Stein,L (2605)-Krogius,N (2575) Leningrad 1971 (1-0, 61)} e5
$132) 10... Bb7 11. Rc1 Rc8 {Balasubramaniun,R (2266)-Rawat,R (2004) New Delhi
2007 (1/2-1/2, 38)} 12. e3 $14 {[%cal Gf2f4]}) 9. Nc3 {I was thinking of this
position as a Catalan, already not a Grünfeld.} Na6 $5 {A rare but reasonable
move, aiming at inhibiting Qc2.} (9... Nbd7 10. Qc2 Rc8 11. e4 dxe4 12. Nxe4
Nxe4 13. Qxe4 Nf6 14. Qe2 e6 15. Rad1 Qc7 16. Rd2 {Schrems,H (2120)-Weissflog,
H (1943) Emmendingen 2012 (1-0, 38)} c5 17. dxc5 bxc5 18. Rfd1 Rfd8 (18... Bxf3
19. Qxf3 {[%csl Gf6]}) 19. Ne5 $36) 10. Rc1 $146 (10. e3 dxc4 $6 11. bxc4 Qc7
12. Qe2 Rad8 13. Rfd1 $16 {Kreisl,R (2394)-Caroff,F (2117) Aix les Bains 2011 
(1-0, 29)}) 10... c5 {The most principled answer.} (10... Rc8 {is a bit slow:}
11. e3 (11. Qc2 c5 $132) 11... e6 (11... Ne4 12. Nxe4 dxe4 13. Ng5 $18) 12. Ne5
(12. Qe2 Ne4 $5) 12... Qe7 13. Qe2 $14) 11. Ne5 cxd4 (11... e6 $5 $14 {is more
solid, but not very principled and rather passive.}) 12. Qxd4 e6 (12... Nd7 13.
f4 $16) 13. cxd5 exd5 ({I was more worried about my chances for an advantage
after} 13... Nxd5 14. Nxd5 Bxd5 15. Rfd1 ({I was counting on} 15. Bxd5 Qxd5 16.
Qxd5 exd5 17. Rfd1 {but failed to notice that after} Rfe8 $1 {my advantage is
rather symbolic} 18. Rxd5 Nb4 19. Rb5 Nxa2 20. Ra1 Nb4 21. Rxb4 Bxe5 22. Bxe5
Rxe5 23. e3 $14 {/=}) 15... Bxg2 16. Kxg2 Qxd4 17. Bxd4 Rfc8 (17... Bxe5 18.
Bxe5 $14) 18. Nc6 $14) {White's position is insanely pleasant optically, but
he needs to make choices. Unfortunately, I did not make the best ones in the
next sequence.} 14. Rfd1 (14. Nb5 $5 Nc5 (14... Nd7 15. f4) 15. Ng4 $16 Ncd7 $2
16. Rc7 Ne8 17. Qxg7+ Nxg7 18. Rxd7 Qb8 19. Nh6+ Kh8 20. Nxf7+) 14... Re8 15.
f4 ({I was not sure about} 15. Ng4 Ne4 16. Qxg7+ Kxg7 17. Nxe4+ Kf8 18. Ngf6 {
and, indeed, the engines claim White has nothing more than a draw by perpetual
with} dxe4 19. Nxh7+ Kg8 20. Nf6+ Kf8) (15. Qf4 $5 Re7 (15... Nc7 16. Ne4 $1
Nxe4 $2 17. Qxf7+ Kh8 18. Rxc7 $18) 16. Nd3 $16) 15... Nc7 ({I was
disappointed he did not try} 15... Nd7 {but apparently my intended reaction
was not the best.} 16. Bxd5 $1 ({I planned} 16. Nxd5 Nxe5 17. fxe5 Bxe5 18.
Qxe5 Rxe5 19. Bxe5 Bxd5 20. Bxd5 Qe8 21. Bxa8 Qxe5 22. Bf3 {but things may not
be simple despite White's material advantage.}) 16... Nxe5 17. fxe5 Qd7 (17...
Bxe5 18. Bxf7+ Kxf7 19. Qc4+) (17... Bxd5 18. Nxd5 Bxe5 19. Qxe5 Rxe5 20. Bxe5
$18) 18. Bxb7 Qxb7 19. Ne4 $16) 16. Qa4 (16. e4 {Right after moving I felt
sorry for not trying} Ne6 ({My main candidate was} 16... dxe4 17. Qc4 Qe7 {
when I failed to find in time} 18. Ba3 $1 Qxa3 19. Qxf7+ Kh8 20. Qxc7 Re7 21.
Nf7+ Kg8 22. Qd6 Qxd6 23. Nxd6 Bc6 24. Re1 $36) 17. Qf2 d4 18. Nb5 Nxe4 {
and it seems that White does not have an advantage.} 19. Bxe4 Bxe4 20. Nxd4
Bxe5 21. Nxe6 Qe7 22. fxe5 fxe6 23. Qf6 Bd5) 16... Ne6 17. Ba3 $6 {Active but
not best.} (17. e3 $5 a6 18. b4 $14 {[%cal Ga4b3]}) 17... a6 $1 {This should
have solved Black's problems forever.} (17... Nc5 18. Bxc5 bxc5 19. Qb5 (19. e4
d4) 19... Qb6 20. a4 Red8 (20... Rad8 21. a5 Qxb5 22. Nxb5 Bf8 23. a6 Ba8 24.
Nc7 Re7 25. Nxa8 Rxa8 26. Bxd5 $16) 21. a5 Qxb5 22. Nxb5 Bf8 23. g4 $14 {
with the rooks on e8 and d8 this would be impossible due to ...Rxe5 followed
by ...Nxg4.}) 18. Nc6 {What else? The queen was getting into trouble.} Qd7 $2 (
{Giving in after a tiring defence.} 18... Bxc6 $1 19. Qxc6 Rc8 {We were both
living with the illusion that White could sac the queen by taking on d5 but
this is unsound. So...} 20. Qb7 Rb8 $11) 19. Nxd5 $16 Nxd5 20. Rxd5 Bxc6 21.
Rxd7 Bxa4 22. bxa4 Rad8 $5 {My opponent once again started defending well in a
close to losing position.} (22... Rac8 23. Rxc8 Rxc8 24. Bd5 $18) 23. Rxd8 Rxd8
24. Bb7 a5 25. Kf1 $5 {[%csl Ge2]} Bd4 26. Rd1 f5 27. Ba6 Nc5 28. Bc4+ Kf8 29.
e3 Bf6 30. Rxd8+ Bxd8 31. Bb3 Bf6 32. Ke2 Ke8 33. Bc2 Kd7 34. Kf3 Ke6 35. h3 h5
36. g4 (36. e4 fxe4+ 37. Bxe4 Nxa4 38. Bxg6 b5 39. Bc2 Nc3 40. Bb3+ Kd7 41. g4
$18) 36... hxg4+ 37. hxg4 Bc3 38. e4 fxe4+ 39. Bxe4 g5 40. Bc2 gxf4 41. Bc1 Kf6
42. Bxf4 $4 {A hurried move played after returning from smoking. This was one
of the many reasons I decided on quitting some days later.} (42. Kxf4 $18)
42... Ne6 43. Bh6 $5 {Creating the illusion that everything was under control.}
(43. Be3 Nd4+ 44. Bxd4+ Bxd4 $11) 43... Ng5+ $2 {Trying to trap my bishop.} ({
My opponent failed to calculating the forced line until the end.} 43... Nd4+ $1
44. Ke3 Nxc2+ 45. Kd3 Kg6 $3 (45... Nb4+ 46. Kxc3 Nxa2+ 47. Kc4 {[%cal Gh6d2]}
Nb4 48. Bd2 Na6 49. Be3 $18) 46. Kxc2 Kxh6 47. Kxc3 Kg5 48. Kc4 Kxg4 49. Kb5
Kf5 50. Kxb6 Ke6 51. Kxa5 Kd7 52. Kb6 Kc8 $11) 44. Ke3 Bb4 45. Kd4 Bc5+ 46. Kd5
Bb4 47. Kc6 {Actually this is a second blunder in a won position, but
fortunately it did not spoil anything obectively.} (47. Bf5 Ba3 48. Kc6 Bc5 49.
Kc7 {This was my main idea. Black needs to free my bishop due to zugzwang.} Be3
50. Bf8) 47... Nf7 {Oops!!} 48. Be3 Ne5+ 49. Kb5 $1 Nxg4 50. Bxb6 Ke7 51. Bxa5
Bxa5 52. Kxa5 Kd8 53. Kb6 Ne5 (53... Kc8 54. Bf5+) 54. Bb3 Nd7+ (54... Kc8 55.
Be6+ Kb8 56. a5 Ng6 57. a6 Ne7 58. a3 Ka8 59. a4 (59. a7 $2 Nc8+ $1 $11) 59...
Kb8 60. a7+ Ka8 61. Ka6 Nc6 62. a5 (62. Bd5 $11) 62... Nxa7 63. Kb6 Kb8 64. a6
Ka8 65. Bd5+ Kb8 66. Bb7 Nc8+ 67. Bxc8 Kxc8 68. a7 $18) 55. Kc6 Ne5+ 56. Kb7
1-0